000 00473nam a2200169Ia 4500
003 GCL
008 140319s9999 xx 000 0 ara d
040 _aGCL /
_cGCL
082 0 4 _a152
_bم غ
100 1 _aفريد ينى حنا
245 1 0 _aالغدد والشخصية /
_cفريد ينى حنا
490 _aالمكتبة الثقافية
_v0
650 0 4 _aالجهاز العصبى
650 0 4 _aالعقل والجسد
650 0 4 _aالغدد
942 _2ddc
_cBK
999 _c41078
_d41078